Българофобия (Запис номер 103901)
[ съкратено ]
| 000 -Лидер | |
|---|---|
| Контролно поле с фиксирана дължина | 01299nam a2200361 c 4500 |
| 003 - Код на организацията, давaща контролен номер | |
| Контролно поле | BLK |
| 005 - Дата и час на последна редакция | |
| Контролно поле | 20250127102512.0 |
| 008 - Елементи от данни с фиксирана дължина | |
| fixed length control field | 180409b bul|||||r ||||||| ||bul|| |
| 010 ## - Наследен системен номер | |
| LC control number | KNG00108982000 |
| 020 ## - Международен стандартен номер на книга ISBN | |
| Международен стандартен номер на книга ISBN | 954-90016-03-6 |
| -- | издат.: Бумеранг |
| 040 ## - Източник на каталожния запис | |
| Идентификатор на билиотеката - собственик на записа | BLK |
| 041 ## - Код за език | |
| Код за езика на текст/звукозапис или на отделно заглавие | Български |
| Код за езика КДБФ | Български |
| 080 ## - УДК | |
| Текстов определител УДК | Политика. Вж и 341 ; 342 |
| УДК код - определител по УДК | 32 |
| УДК определител | (497.2)(0:82-92) |
| УДК - код + определител | 32(497.2)(0:82-92) |
| 080 ## - УДК | |
| Текстов определител УДК | Българска литература |
| УДК код - определител по УДК | 821.163.2 |
| УДК определител | -92 |
| УДК - код + определител | 821.163.2-92 |
| 100 1# - Редна дума - Автор | |
| Автор | Сидеров, Волен |
| Авторска отговорност | първи автор |
| R(LIN) | 290658 |
| 139 ## - Редно поле | |
| Редна дума | Сидеров, Волен |
| Авторски знак | Си - С 35 |
| 245 10 - Сведения за заглавието | |
| Заглавие | Българофобия |
| Редно поле (дума) | Волен Сидеров. |
| 257 ## - Страна на издаване | |
| Страна на създаване/издаване | България |
| 260 ## - Област на издателските данни | |
| -- | София |
| Име на издателя, разпространителя и проч. | Бумеранг |
| Година на издаване | 2003 |
| Печатница | София : Инвестпрес |
| 300 ## - Физическа характеристика | |
| Страници | 456 с. |
| Размери/Мащаб | 20 см |
| 380 ## - Жанр | |
| Жанр | Обществени науки |
| 500 ## - Общи забележки | |
| Забележка | Офс. изд. - Съдържа и за авт. |
| 650 #0 - Допълнително описание по предмет – тема | |
| Основно описание – тема или топоним | България - политика |
| 9 (RLIN) | 243743 |
| 651 #4 - Допълнително описание по предмет - топоним | |
| Географско понятие | България |
| 9 (RLIN) | 241624 |
| 653 ## - Ключова дума – ненормативна | |
| Ключова дума | политика |
| 653 ## - Ключова дума – ненормативна | |
| Ключова дума | статии |
| 852 ## - Местоположение | |
| Форматна сигнатура | Цб 216704 |
| 856 4# - Електронен адрес и достъп | |
| Електронен формат | pdf - файл |
| Път до файла /url/ | |
| 856 4# - Електронен адрес и достъп | |
| Електронен формат | pdf - файл |
| Път до файла /url/ | |
| 942 ## - АРТИКУЛИ | |
| Вид на библиотечния материал | Книги |
| Скрит в OPAC | Не |
| Koha issues (borrowed), all copies | 4 |
| 944 ## - СЪЗДАВАНЕ И РЕДАКЦИЯ на ЗАПИСА | |
| Създаване/Редакция | Създаване |
| Дата на регистрацията/редакция | 17.11.2003 |
| Статус, дата на статуса | Геновева Генчева |
| Служител, извършил регистрацията/редакцията | 30560 |
| 944 ## - СЪЗДАВАНЕ И РЕДАКЦИЯ на ЗАПИСА | |
| Създаване/Редакция | Редакция |
| Дата на регистрацията/редакция | 25.03.2015 |
| Статус, дата на статуса | ф / |
| Служител, извършил регистрацията/редакцията | Людмила_Стоянова |
| 999 ## - СИСТЕМНИ КОНТРОЛНИ НОМЕРА | |
| Koha biblionumber | 103901 |
| Koha biblioitemnumber | 103901 |
| Код за отписване | Код за изгубен артикул | Код за повреда | Коз за рестрикции | Код за отдаване | Артикулен № | Име на библиотеката - собственик | Име на библиотеката, в която се намира в момента | Статус (Текущо местоположение) | Дата на вписване в системата | Местоположение - отдел | Цена в лева | Инвентарен номер | Систематично азбучна сигнатура | Баркод | Номер на екземпляра | Цена в евро | Служебна бележка | Служебен тип на артикула |
|---|---|---|---|---|---|---|---|---|---|---|---|---|---|---|---|---|---|---|
| Не е изгубен | Не е повреден | без рестрикции | ползва се в читалня | 167807 | Регионална библиотека "Любен Каравелов" Русе | Регионална библиотека "Любен Каравелов" Русе | Хранилище | 2005-03-15 | Хранилище | 9.00 | 120000692060 | Цб 216704 | 120000692060 | 1 | 4.60 | Дост: Dp Вид: Д N: 16 Дата: 07.04.2004 | Книги | |
| Не е изгубен | Не е повреден | без рестрикции | заемане за дома | 167808 | Регионална библиотека "Любен Каравелов" Русе | Регионална библиотека "Любен Каравелов" Русе | Заемна - подръчен фонд | 2015-02-27 | Заемна - подръчен фонд | 5.00 | 120000785996 | П 32(497.2)/С 35 | 120000785996 | 2 | 2.56 | Дост: DA Вид: А N: 6 Дата: 27.02.2015 Дата инв: 02.02.2018 Бележки инв: П2018 | Книги | |
| Не е изгубен | Не е повреден | без рестрикции | заемане за дома | 167809 | Регионална библиотека "Любен Каравелов" Русе | Регионална библиотека "Любен Каравелов" Русе | Заемна - подръчен фонд | 2015-02-27 | Заемна - подръчен фонд | 5.00 | 120000786003 | П 32(497.2)/С 35 | 120000786003 | 3 | 2.56 | Дост: DA Вид: А N: 6 Дата: 27.02.2015 Дата инв: 02.02.2018 Бележки инв: П2018 | Книги |